Statistiques concernant Buteurs sud-coréens en Coupe du Monde

Cliquez ici pour prendre le quiz!

Statistiques générales

  • Ce quiz a été pris 19 fois
    (12 depuis la dernière actualisation)
  • Le résultat moyen est 11 sur 26

Statistiques - réponses

Nombre de butsClubNom du joueur% Correct
3Bayer Leverkusen, Tottenham HotspurHeung-min Son
100%
1Daewoo RoyalsChang-sun Park
73%
2Bolton WanderersChung-yong Lee
73%
1Ulsan Hyundai HorangiChun-soo Lee
73%
1AS MonacoChu-young Park
73%
1Bucheon SKEul-yong Lee
73%
3Kyoto Purple Sanga, Manchester UnitedJi-sung Park
73%
2Kashima AntlersJung-soo Lee
73%
1Sangju SangmuKeun-ho Lee
73%
1Wolverhampton WanderersHee-chan Hwang
64%
1Korea UniversityJung-boo Kim
64%
2Pohang Steelworks, Kashiwa ReysolSun-hong Hwang
64%
2Guangzhou Evergrande, Gamba OsakaYoung-gwon Kim
64%
2Jeonbuk Hyndai MotorsGue-sung Cho
36%
1VfL WolfsbourgJa-cheol Koo
18%
3Pérouse AC, FC MetzJung-hwan Ahn
18%
1LG CheetahsJung-won Seo
18%
2Ulsan Hyundai, Kashiwa ReysolSang-chul Yoo
18%
1Cerezo OsakaSeok-ju Ha
18%
1Jeonbuk Hyundai MotorsSeung-ho Paik
18%
1Pohang SteelworksSoon-ho Choi
18%
1Busan I'consChong-gug Song
9%
1Yukong ElephantsHwangbo Kwan
9%
1Ulsan Hyundai HorangiJung-moo Huh
9%
1RSC AnderlechtKi-hyeon Seol
9%
2Pohang SteelworksMyung-bo Hong
9%

Distribution des résultats

Percentile par nombre de réponses

% des personnes avec chaque résultat

Votre développement - résultats

Vous n’avez pas pris ce quiz depuis la dernière actualisation